South Eastern Kenya University

Library Online Public Access Catalogue


Plaque Ports (Record no. 15193)

MARC details
000 -LEADER
fixed length control field 00400nam a2200133 4500
020 ## - ISBN
International Standard Book Number 9780814722329
050 ## - LIBRARY OF CONGRESS CALL NUMBER
Classification Number RA 644
Item Number .P7 E34
100 ## - MAIN ENTRY--Author
Personal name Echenberg, Myron
245 ## - TITLE
Title Plaque Ports
Remainder of title The Global Urban Impact of Bubonic Plaque, 1894-1901
Statement of responsibility, etc Myron Echenberg.
260 ## - PUBLICATION, DISTRIBUTION, ETC.(IMPRINT)
Place of publication, distribution, etc New York University Press :
Name of publisher, distributor, etc New York,
Date of publication, distribution, etc 2007.
300 ## - PHYSICAL DESCRIPTION
Extent xvi, 349 p.:
650 ## - SUBJECT--TOPIC
Topical term following geographic name as entry element Plaque
Form subdivision History
942 ## - ADDED ENTRY ELEMENTS(KOHA)
Source of classification or shelving scheme Library of Congress Classification
Koha item type General circulation
Holdings
Source of classification or shelving scheme Not for loan Location (home branch) Sublocation (holding branch) Shelving location Date accessioned Full call number Barcode Koha item type
Library of Congress Classification   Main Campus Library Main Campus Library   13/06/2016 RA 644 .P7 E34 2016/017949 General circulation
Kitui, Kenya.
+254736116989
library@seku.ac.ke